000 00683nam a22001817a 4500
999 _c9641
_d9641
003 OSt
005 20191211193024.0
008 180712b ||||| |||| 00| 0 eng d
022 _a0022-0167
082 _aDPer 361.05 J38 Jan-Apr 2016 v. 63 n.1 -3
100 _930495
_aHardin, Erin E.
245 _aUnderstanding the gender gap:
_bsocial cognitive changes during an introductory STEM course/
_cErin E. Hardin and Melanie O. Longhurst.
260 _aWashington, DC:
_bAmerican Psychological Association,
_c©2016.
300 _av63 n2, pages 233-239:
_billustrations;
_c27cm.
650 0 _930496
_aSex role
_xGap.
700 _928608
_aLonghurst, Melanie O.
_eAuthor.
942 _2ddc
_cPER